000 00319nam a2200133Ia 4500
005 20251222141823.0
008 251222s9999||||xx |||||||||||||| ||spa||
020 _a978-84-9842-446-1
082 _a370.154/G31
100 _aGavilén Bouzas, Paloma
245 0 _aAprendizaje Cooperativo:
264 _bCCS
942 _cLIB
999 _c6856
_d6856